000
00266nam a2200109Ia 4500
008
190914s9999||||xx |||||||||||||| ||und||
100
_a
Dr.Zafar Ahmad
245
0
_a
Physics With Solved Model Papers
260
_a
India
_b
S. Chand
_c
2005
300
_a
378
942
_c
BK
999
_c
10109
_d
10109